000 00229nam a22000977a 4500
003 SGT
245 _aInternational Journal of Civil Engineering and Technology
260 _bIAEME Publication
_c2020
300 _a500
942 _2ddc
_cBV
999 _c29142
_d29142